00518nam a2200205Ia 4500008004100000020001400041050001400055100002000069245001700089245003900106245005100145260001500196260001600211260000900227300001500236300002700251300001000278440001600288500000800304170918s9999 xx 000 0 und d a439326915 bA237 1999 aAdler, David A. aCam Jansen : band the barking treasure mystery / cDavid A. Adler ; illustrated by Susanna Natti. aNew York : bScholastic, c1999 a55 pages : bcolored illustration ; c19cm. aCam Jansen. a450